Villes traversées par l'autoroute A61 - autoroute des deux mers - Statistiques

Statistiques générales
  • Ce quiz a été pris 30 fois
  • Le résultat moyen est 4 sur 6
Statistiques - réponses
ville population kilomètre % Correct
Toulouse 520 896 0
96%
Carcassonne 46 357 93
85%
Narbonne 57 931 150
85%
Castelnaudary 13 249 57
67%
Lézignan-Corbières 10 952 126
63%
Balma 18 233 3
26%
Aucun quiz correspondant
Distribution des résultats
% des personnes avec chaque résultat
Percentile par nombre de réponses
Votre historique - résultats
Vous n’avez pas pris ce quiz